Visualizzazione normale
Vista MARC
- Bombace R., Tedeschi G., Migliaccio M., Castagna A
di Personal Name
Records bibliografici associati: 1
001 - CONTROL NUMBER
- control field: 62084
003 - CONTROL NUMBER IDENTIFIER
- control field:
005 - DATE AND TIME OF LATEST TRANSACTION
- control field: 20250416121432.0
008 - FIXED-LENGTH DATA ELEMENTS
- fixed length control field: 250416|| aca||aabn | a|a d
040 ## - CATALOGING SOURCE
- Original cataloging agency:
- Transcribing agency:
100 ## - HEADING--PERSONAL NAME
- Personal name: Bombace R., Tedeschi G., Migliaccio M., Castagna A
670 ## - SOURCE DATA FOUND
- Source citation: Work cat.: ()360282: Mazzetti Giuseppe (et al.) 62083, Sessualità. Il diritto di piacersi e di piacere, 2024